Les infractions aux règles et lois de la guerre / (Record no. 126131)
[ view plain ]
| 000 -LEADER | |
|---|---|
| campo de control de longitud fija | 00553nam a2200169 4500 |
| 001 - NÚMERO DE CONTROL | |
| campo de control | 126131 |
| 003 - IDENTIFICADOR DE NÚMERO DE CONTROL | |
| campo de control | ES-MaACL |
| 005 - FECHA Y HORA DE LA ÚLTIMA TRANSACCIÓN | |
| campo de control | 20230906192748.0 |
| 007 - CAMPO FIJO DE DESCRIPCIÓN FÍSICA--INFORMACIÓN GENERAL | |
| campo de control de longitud fija | t| |
| 008 - DATOS DE LONGITUD FIJA--INFORMACIÓN GENERAL | |
| campo de control de longitud fija | 070214s1918 fr r ||||1| fre d |
| 100 1# - ENTRADA PRINCIPAL--NOMBRE DE PERSONA | |
| Nombre de persona | Reiss, Rudolphe Archibald. |
| 9 (RLIN) | 96084 |
| 245 14 - MENCIÓN DEL TÍTULO | |
| Título | Les infractions aux règles et lois de la guerre / |
| Mención de responsabilidad, etc. | par R. A. Reiss. |
| 260 ## - PUBLICACIÓN, DISTRIBUCIÓN, ETC. | |
| Lugar de publicación, distribución, etc. | Paris : |
| Nombre del editor, distribuidor, etc. | [s. n.], |
| Fecha de publicación, distribución, etc. | 1918 ( |
| Lugar de fabricación/manufactura | Lausanne : |
| Fabricante | Payot) |
| 300 ## - DESCRIPCIÓN FÍSICA | |
| Extensión | 107 p., 20 lám. ; |
| Dimensiones | 24 x 16 cm. |
| 650 04 - PUNTO DE ACCESO ADICIONAL DE MATERIA--TÉRMINO DE MATERIA | |
| Término de materia o nombre geográfico como elemento de entrada | Guerra mundial, 1914-1918- |
| Subdivisión general | Destrucciones y saqueos. |
| 9 (RLIN) | 13218 |
| 852 ## - LOCALIZACIÓN | |
| Ubicación | ES-MaACL |
| Número de control de estantería | G-5358 |
| Estatus retirado | Estado de pérdida | Estado de daño | No para préstamo | Biblioteca de origen | Biblioteca actual | Ubicación en estantería | Fecha de adquisición | Fuente de adquisición | Total de préstamos | Signatura topográfica completa | Código de barras | Visto por última vez | Precio de reemplazo | Tipo de ítem Koha |
|---|---|---|---|---|---|---|---|---|---|---|---|---|---|---|
| Biblioteca del Ateneo de Madrid | Biblioteca del Ateneo de Madrid | Depósito 2 | 17/01/2008 | G-5358 | 1131379 | 23/02/2023 | 23/02/2023 | Libro impreso |
